00573nam a22002057a 450000100100000000500170001000800410002701000130006802000150008104000180009608200180011410000280013224500430016026000430020330000210024649000250026765000220029265000260031483000270034000000863120200929161357.0921001s1992 sp 000 0 spa  a92223488 a8423321142 aDO-SdBNPcDLC a863.44bG724e1 aGoytisolo, Luis,d1935-10aEstatua con palomas /cLuis Goytisolo. aBarcelona :bEdiciones Destino,c1992. a346 p. ;c20 cm.1 aAncora y delfinv680 4aNovela española 4aLiteratura española 0aAncora y delfin ;v680